000 00892nam a2200277 i 4500
003 DO-SdBNP
005 20250129121827.0
007 ta
008 240701e2023 dr c r 000 fdspa d
020 _a9789945250923
040 _aDO-SdBNP
_bspa
_cBNPHU
_erda
082 4 _bG261
_222
100 1 _aGatón Arce, Freddy,
_d1920-1994
_eautor
_97946
245 1 3 _aNovelas /
_cFreddy Gatón Arce ; presentación Cándido Gerón
264 1 _aSanto Domingo :
_bArchivo General de la Nación,
_c2023.
300 _a124 páginas
_bretratos
_c23 cm
336 _2rdacontent
_atexto
_btxt
337 _2rdamedia
_asin mediación
_bn
338 _2rdacarrier
_avolumen
_bnc
490 _aJuvenil
_v33
500 _aIncluye datos biográficos del autor en las solapas.
590 _aInventariado 2024 / YL
700 1 _9380
_aGerón, Cándido
_epresentacion
910 _aYLockward
942 _2ddc
_cLBS1
999 _c57096
_d57096